000 00692 a2200193 4500
010 _aENG-85736
020 _a8189253379
_c260.00
035 _aEN-69269
037 _bD.B.Act / Pub
082 1 4 _a621.391
090 _c3453
_d3453
100 1 _aGupta, M. K.
245 1 _aMicroprocessor microcomputer microcontroller and interfacing
_cby M. K. Gupta
260 _aNew Delhi
_bParagon International Publishers
_c2006
270 _a5, Ansari Road, Darya Ganj
_bNew Delhi
_cDelhi
_e110002
_k23274151
_mgph2004@yahoo.co.in
300 _axxv, 558 p.
_c24 cm. (Pbk)
942 _adpl
_cEN
_k621.391 / GUP
999 _c3386
_d3386